000 01730cam a2200253 4500
001 4262
005 20181127173006.0
008 080118s2008 caua b 001 0 eng
010 _a 2008002359
020 _a9780761936718 (hbk.)
020 _a9788178298375 (India-Hb)
043 _ad------
050 0 0 _aHG5993
_b.G76 2008
245 0 0 _aGrowth and development in emerging market economies :
_binternational private capital flows, financial markets and globalization /
_cedited by Harinder S. Kohli.
260 _aLos Angeles :
_bSAGE,
_c2008.
300 _a369 p. :
_bill. ;
_c23 cm.
504 _aIncludes bibliographical references and index.
505 0 0 _aGlobal imbalances, oil revenues and capital flows to emerging market countries / Jack Boorman -- Private capital flows to emerging market economies: major drivers, recent developments and key issues / V. Sundararajan and Hariner S. Kohli -- Outward foreign direct investment from emerging economies: new players in the world economy? / Rakesh Jha -- Building national and regional financial markets: the East Asian experience / Andrew Sheng -- Financial markets in Latin America / Claudio M. Loser -- Latin American and East Asian trade strategies / Luis Miguel Castilla -- Building Asia's infrastructure: issues and options / Haruhiko Kuroda, Rajat Nag and Rita Nangia -- Infrastructure development and services in selected emerging market and OECD countries: key indicators / Harpaul Alberto Kohli.
650 0 _aCapital movements
_zDeveloping countries.
650 0 _aInvestments, Foreign
_zDeveloping countries.
651 0 _aDeveloping countries
_xCommerce.
651 0 _aDeveloping countries
_xForeign economic relations.
700 1 _aKohli, Harinder S.,
_d1945-
999 _c3511
_d3511